000 00825nam a2200289Ia 4500
005 20250117103635.0
008 008 250103s9999 xx 000 0 eng d
020 _a9788184875867
037 _aTextual
040 _aCSL
_beng
_cCSL
041 _aeng
_2eng
084 _aE5 Q7-;9
_qCSL
100 _aJena, Ashis Kumar
245 0 _aOrganic name reaction and rearrangement
_cJena, Ashis Kumar
260 _aNew delhi
_bNarosa India
_c2017
300 _ax,vp. Col.ill.
650 _a Appel reaction
650 _a Barton nitrite photolysis
650 _a Brich reduction
650 _a Glaser coupling
650 _a Henry reaction
650 _a Mannich reaction
650 _a Shapiro reaction
650 _aAldol condensations
942 _cTEXL
_hE5 Q7-;9
999 _c1237948
_d1237948